| 000 | 01116cab a22002175a 4500 | ||
|---|---|---|---|
| 001 | L142898 | ||
| 008 | 080318e20080307xxk f 000 0 eng d | ||
| 035 | _a(Sirsi) u142898 | ||
| 041 | 0 | _aeng | |
| 100 | 1 | _aKlein, Rudi | |
| 245 | 0 | 4 | _aThe year of living dangerously |
| 260 | _c2008 | ||
| 490 | 0 |
_aBuilding _v273(8518) 7 March 2008, 67(1) |
|
| 520 | _aNearly a year on since the introduction of the Construction (Design and Management) Regulations 2007, this article considers if the Regulations have started to improve health and safety in the construction industry. Discusses three areas in which the revised Regulations could make a difference; procurement, focus on the management of risk, and corporate competence. Explains these areas in more detail and concludes that the HSE should be closely monitoring the impact of the Regulations. | ||
| 590 | _aKA | ||
| 650 | 2 | 4 | _aCONSTRUCTION (DESIGN AND MANAGEMENT) REGULATIONS 2007 |
| 651 | 4 |
_aGreat Britain _y1707- |
|
| 690 | _aBUILT ENVIRONMENT-CONSTRUCTION MANAGEMENT-CONSTRUCTION DESIGN AND MANAGEMENT | ||
| 690 |
_aHealth and safety _96244 |
||
| 942 | _n0 | ||
| 999 |
_c79966 _d79966 |
||